Ex-Yugoslavian Country Flags - Statistics

General Stats
  • This quiz has been taken 122 times
  • The average score is 7 of 7
Answer Stats
Picture Answer % Correct
Croatia
99%
Serbia
99%
Slovenia
99%
Bosnia and Herzegovina
97%
Montenegro
97%
Kosovo
96%
North Macedonia
96%
No matching quizzes found
Score Distribution
Percent of People with Each Score
Percentile by Number Answered
Your Score History
You have not taken this quiz